El precio de los terrenos y el valor de sus atributos (Registro nro. 24917)

Detalles MARC
000 -LEADER
fixed length control field 00377 a2200121 4500
001 - CONTROL NUMBER
control field ART_47029
005 - DATE AND TIME OF LATEST TRANSACTION
control field 20260410161850.0
008 - FIXED-LENGTH DATA ELEMENTS--GENERAL INFORMATION
fixed length control field 260409a
100 1# - MAIN ENTRY--PERSONAL NAME
Personal name Meloni, Osvaldo
245 10 - TITLE STATEMENT
Title El precio de los terrenos y el valor de sus atributos
700 1# - ADDED ENTRY--PERSONAL NAME
Personal name Ruiz Núñez, Fernanda
773 0# - HOST ITEM ENTRY
Title Económica
Related parts - Año XLVIII, Nº 1/2 (ene./dic. 2002)
Record control number REV7541

No hay ítems disponibles.